| 000 | 00714nam a2200133Ia 4500 | ||
|---|---|---|---|
| 008 | 171212s9999 xx 000 0 und d | ||
| 020 | _a9780833052995 | ||
| 100 | _aRabasa, Angel;Gordon, IV, John;Chalk, Peter;Chivvis, Christopher S.;Grant, Audra K. | ||
| 245 |
_cRabasa, Angel;Gordon, IV, John;Chalk, Peter;Chivvis, Christopher S.;Grant, Audra K. _aFrom Insurgency to Stability _bVolume I: Key Capabilities and Practices |
||
| 260 |
_bRAND Corporation _c2011 |
||
| 650 | _aCounterinsurgency; Counterinsurgency -- Case studies; Peace-building -- Case studies; United States -- Armed Forces -- Stability operations -- Case studies | ||
| 650 | _aPolitical Science | ||
| 856 | _uwww.jstor.org/stable/10.7249/mg1111-1osd | ||
| 999 |
_c352108 _d352108 |
||